[Event "Salongernas IM"]
[Site "Stockholm SWE"]
[Date "2007.06.16"]
[Round "8"]
[White "Gagarin,V"]
[Black "Smith,Ax"]
[Result "1/2-1/2"]
[WhiteElo "2404"]
[BlackElo "2251"]

1.c4 c6 2.e4 e6 3.d4 d5 4.Nc3 dxe4 5.Nxe4 Bb4+ 6.Bd2 Qxd4 7.Bxb4 Qxe4+ 8.Be2 Na6
9.Bd6 Qxg2 10.Qd2 Nf6 11.Bf3 Qg6  1/2-1/2

[Event "11th Master Open"]
[Site "Voronezh RUS"]
[Date "2007.06.16"]
[Round "5"]
[White "Kabanova,E"]
[Black "Sergienko,S"]
[Result "1/2-1/2"]
[WhiteElo "2151"]
[BlackElo "2480"]

1.c4 c6 2.Nf3 d5 3.e3 Nf6 4.Qc2 e6 5.Be2 Bd6 6.Nc3 Nbd7 7.b3 O-O 8.Bb2 Re8
9.d4 dxc4 10.bxc4 e5 11.Rd1 exd4 12.Nxd4 Qc7 13.Nf5 Bf8 14.O-O Nc5 15.Bf3 g6
16.Ng3 Bg7 17.Nce2 Bd7 18.Bd4 Ne6 19.Bc3 Nc5 20.Bd4  1/2-1/2

[Event "ch-COL"]
[Site "Cartagena de Indias COL"]
[Date "2007.06.18"]
[Round "9"]
[White "Mendoza,Raf"]
[Black "Naranjo,S"]
[Result "1-0"]
[WhiteElo "2390"]
[BlackElo "2039"]

1.c4 c6 2.e4 d5 3.exd5 cxd5 4.cxd5 Nf6 5.Nc3 g6 6.Bc4 Bg7 7.Nge2 Nbd7 8.d3 O-O
9.O-O b6 10.Nf4 Bb7 11.Re1 Nc5 12.Qe2 Re8 13.d4 Ncd7 14.Be3 a6 15.a4 Ra7
16.Rac1 Qa8 17.h3 Rc8 18.Bb3 Rd8 19.Bd2 Nf8 20.Nd3 Nxd5 21.Ne5 Bxe5 22.Qxe5 Nd7
23.Qg3 N7f6 24.Bh6 Qb8 25.Re5 Qd6 26.Rce1 Bc6 27.Qh4 b5 28.axb5 axb5 29.Bxd5 Nxd5
30.Nxd5 Bxd5 31.Rxe7 Rxe7 32.Qxe7 Qxe7 33.Rxe7 b4 34.h4 b3 35.f3 f5 36.Kh2 Bf7
37.Rc7 Be8 38.Rg7+ Kh8 39.Rb7 Kg8 40.Rxb3 Rxd4 41.Kg3 Kf7 42.Rb8 Rd5 43.Ra8 Rb5  1-0

[Event "11th Master Open"]
[Site "Voronezh RUS"]
[Date "2007.06.19"]
[Round "7"]
[White "Savchenko,B"]
[Black "Deviatkin,A"]
[Result "1-0"]
[WhiteElo "2583"]
[BlackElo "2541"]

1.c4 c6 2.Nc3 Nf6 3.d4 d5 4.Nf3 a6 5.Ne5 dxc4 6.Nxc4 b5 7.Ne5 Bb7 8.Bf4 e6
9.e3 Nbd7 10.Qf3 Qb6 11.Nxd7 Nxd7 12.Bd3 Nf6 13.Be5 Nd7 14.Bf4 Nf6 15.Be5 Nd7
16.O-O Nxe5 17.dxe5 Be7 18.Rfd1 Rd8 19.h4 c5 20.Be4 Bxe4 21.Nxe4 O-O 22.Nf6+ Bxf6
23.exf6 Rxd1+ 24.Rxd1 Rd8 25.Rc1 c4 26.Qg3 g6 27.b3 Rc8 28.Qf4 Qd8 29.bxc4 e5
30.Qxe5 Rxc4 31.Rxc4 bxc4 32.Qc5 Qxf6 33.Qc8+ Kg7 34.Qxc4 Qa1+ 35.Kh2 Qe1
36.Kg3 a5 37.Qd4+ Kg8 38.h5 gxh5 39.Qd8+ Kg7 40.Qg5+ Kf8 41.Qxh5 Qd2 42.Qc5+ Kg8
43.a3 Qd8 44.Qd4 Qc7+ 45.Qf4 Qc5 46.a4 Qb6 47.Qd4 Qc7+ 48.Kf3 Qc6+ 49.Qe4 Qc5
50.g3 h6 51.Ke2 Qc3 52.Qd4 Qc2+ 53.Kf3 Qc7 54.e4 Qe7 55.Kg2 Qc7 56.Kf3 Qe7
57.Ke2 Qc7 58.Kd2 Qe7 59.e5 Qc7 60.Kd3 Qb7 61.Ke3 Qc7 62.Kf3 Qc6+ 63.Kf4 Qc1+
64.Kg4 Qc2 65.f3 Qc8+ 66.Kh4 Qc6 67.Qg4+ Kf8 68.Kh5 Qc1 69.Qf5 Qh1+ 70.Kg4 Qe1
71.Qf4 Ke8 72.Kf5 Qe2 73.Qe4 Qa6 74.Kf4 Kf8 75.Qd4 Kg8 76.g4 Qc8 77.Qd5 Qc7
78.Kf5 Kg7 79.e6 fxe6+ 80.Kxe6 Qb6+ 81.Kd7 Qb4 82.Qc6 Qd4+ 83.Kc7 Qb4 84.Qe4 Kf6  1-0

[Event "zt 2.4"]
[Site "Sao Paulo BRA"]
[Date "2007.06.21"]
[Round "8"]
[White "Sunye Neto,J"]
[Black "Vescovi,G"]
[Result "1/2-1/2"]
[WhiteElo "2486"]
[BlackElo "2609"]

1.c4 c6 2.Nf3 d5 3.b3 Bf5 4.g3 e6 5.Bb2 Nf6 6.Bg2 Nbd7 7.O-O Be7 8.d3 h6
9.Nbd2 O-O 10.a3 a5 11.Bc3 c5 12.cxd5 exd5 13.d4 b6 14.Ne5 Rc8 15.e3 Re8
16.Nxd7 Bxd7 17.a4 Bg4 18.Qb1 Qd7 19.dxc5 Rxc5 20.Bd4 Bf5 21.Qd1 Rc2 22.Nf3 Rec8
23.Bxf6 Bxf6 24.Nd4 Bg4 25.Qd3 R8c3 26.Qxc2 Rxc2 27.Nxc2 Bxa1 28.Rxa1 Qc7
29.Nd4 Qc5 30.Rf1 Bh5 31.h4 Bg6 32.Bf3 Be4 33.Kg2 g6 34.Rd1 Qc8 35.Bxe4 dxe4
36.Nb5 Kg7 37.Rd6 Qc5 38.Rd8 h5 39.Nd4 g5 40.hxg5 Qxg5 41.Rd7 Qg4 42.Rd5 Kg6
43.Kf1 Qd1+ 44.Kg2 Qg4 45.Kf1  1/2-1/2

[Event "Masters"]
[Site "Grenoble FRA"]
[Date "2007.06.22"]
[Round "3"]
[White "Aguettaz,M"]
[Black "Fargere,Fr"]
[Result "1/2-1/2"]
[WhiteElo "2329"]
[BlackElo "2344"]

1.c4 c6 2.Nf3 d5 3.d4 Nf6 4.Nc3 dxc4 5.a4 Bf5 6.Nh4 Bd7 7.e4 e6 8.g3 Bb4
9.Bg2 Qa5 10.O-O O-O 11.Qe2 e5 12.dxe5 Qxe5 13.Qxc4 Na6 14.Bf4 Qa5 15.Rfd1 Be6
16.Qe2 Bb3 17.Re1 Nc5 18.e5 Nd5 19.Nxd5 Bxd5 20.Red1 Be6 21.Qh5 Rfd8 22.Nf3 Rxd1+
23.Rxd1 Rd8 24.Ng5 h6 25.Rxd8+ Qxd8 26.Nxe6 Nxe6 27.Bh3  1/2-1/2

[Event "Masters"]
[Site "Grenoble FRA"]
[Date "2007.06.24"]
[Round "5"]
[White "Di Paolo,R"]
[Black "Fargere,Fr"]
[Result "0-1"]
[WhiteElo "2341"]
[BlackElo "2344"]

1.c4 c6 2.e4 d5 3.exd5 cxd5 4.cxd5 Nf6 5.Nc3 Nxd5 6.Nf3 Nc6 7.d4 e6 8.Bd3 Bb4
9.Qc2 h6 10.O-O O-O 11.a3 Bd6 12.Re1 Nce7 13.Ne4 Bf4 14.b4 Bxc1 15.Raxc1 Nf4
16.Bf1 b6 17.Qd2 Nfd5 18.Ne5 Bb7 19.b5 a6 20.a4 axb5 21.axb5 Ra4 22.Ra1 Rxa1
23.Rxa1 Nc7 24.Ng3 Qd5 25.Ra7 Nc8 26.Ra4 Nxb5 27.Nh5 Nbd6 28.Qf4 Nf5 29.Qg4 Qd8
30.Nd7 Bc6 31.Ndf6+ Kh8  0-1

[Event "Narciso Yepes Mem"]
[Site "Lorca ESP"]
[Date "2007.06.25"]
[Round "1"]
[White "Lalic,B"]
[Black "Alcaraz Ortega,J"]
[Result "1/2-1/2"]
[WhiteElo "2519"]
[BlackElo "2077"]

1.c4 c6 2.e4 d5 3.exd5 cxd5 4.cxd5 Nf6 5.Nc3 g6 6.Qb3 Bg7 7.d4 Nbd7 8.Be2 Nb6
9.Bf3 O-O 10.Nge2 Bf5 11.a4 a5 12.Nf4 g5 13.Nh5 Nxh5 14.Bxh5 h6 15.h4 g4
16.Qd1 Nxd5 17.Bxg4 Bh7 18.Nxd5 Qxd5 19.O-O Rfd8 20.Be3 Bxd4 21.Qc1 Bf6 22.Bxh6 Qd4
23.Ra3 Qxb2 24.Qxb2 Bxb2 25.Rb3 Bf6 26.Bf3 Rd4 27.Bxb7 Rad8 28.Rg3+ Kh8 29.Bc6 Bc2
30.Bg5 Bxa4 31.Bxf6+ exf6 32.Bxa4 Rxa4 33.Rf3 Rxh4 34.Rxf6  1/2-1/2

[Event "III Perla Baltyku A"]
[Site "Mielno POL"]
[Date "2007.06.25"]
[Round "9"]
[White "Panocki,A"]
[Black "Sieciechowicz,M"]
[Result "1-0"]
[WhiteElo "2292"]
[BlackElo "2165"]

1.c4 c6 2.Nf3 Nf6 3.g3 d5 4.Qc2 e6 5.Bg2 Be7 6.b3 Na6 7.Bb2 Bd7 8.O-O O-O
9.d3 c5 10.a3 Qc7 11.e4 d4 12.e5 Ng4 13.Qe2 f6 14.exf6 Nxf6 15.Ne5 Bd6 16.Nxd7 Qxd7
17.Nd2 Rae8 18.Ne4 Nb8 19.b4 Nxe4 20.Qxe4 cxb4 21.axb4 Bxb4 22.Rxa7 Nc6 23.Qxc6 Qxc6
24.Bxc6 bxc6 25.Bxd4 e5 26.Be3 Rd8 27.Rb1 c5 28.Rb3 Rf7 29.Rxf7 Kxf7 30.Kg2 Ke6
31.Kf3 Kf5 32.g4+ Ke6 33.Ke4 Ra8 34.Rb1 Ra2 35.Rg1 Ra7 36.Rg3 Ra2 37.Rh3 h6
38.Rh5 Bc3 39.Bxc5 Re2+ 40.Be3 Re1 41.g5 hxg5 42.Rxg5 Kf6 43.Rg3 Rh1 44.h3 g6
45.Kd5 Rd1 46.Rf3+ Ke7 47.Bc5+ Kd7 48.Rf7+ Kc8 49.Ke6 Kd8 50.Bd6 Kc8 51.c5  1-0

[Event "Open"]
[Site "Pula CRO"]
[Date "2007.06.25"]
[Round "3"]
[White "Feletar,D"]
[Black "Mlynek,P"]
[Result "1-0"]
[WhiteElo "2380"]
[BlackElo "2155"]

1.c4 c6 2.Nf3 d5 3.d4 e6 4.Qc2 dxc4 5.Qxc4 b5 6.Qc2 Bb7 7.e4 Nd7 8.Nbd2 a6
9.Nb3 Rc8 10.Nc5 Qc7 11.Be2 Ngf6 12.O-O Nxc5 13.dxc5 Be7 14.h3 O-O 15.Be3 Rcd8
16.a4 Nd7 17.Rfc1 Bf6 18.Bd2 Ra8 19.Ra2 Ne5 20.Ne1 Ng6 21.g3 Rfd8 22.Kg2 Bd4
23.Nf3 e5 24.Rca1 Qe7 25.Rc1 Rd7 26.axb5 axb5 27.Rxa8+ Bxa8 28.Ra1 Ra7 29.Rxa7 Qxa7
30.Nxd4 exd4 31.f4 Bb7 32.Bb4 Bc8 33.Qd2 Qd7 34.Bg4 Qd8 35.Bxc8 Qxc8 36.Qxd4 f6
37.Bc3 h5 38.Qd6 Kh7 39.f5 Ne5 40.Bxe5 fxe5 41.Qxe5 b4 42.Qd6 Qa6 43.Qg6+ Kg8
44.Qe8+ Kh7 45.Qxh5+ Kg8 46.Qd1 Qc4 47.Kf3 Qxc5 48.g4 Qc4 49.g5 Kh7 50.Kf4 b3
51.Qh5+  1-0

[Event "Narciso Yepes Mem"]
[Site "Lorca ESP"]
[Date "2007.06.28"]
[Round "7"]
[White "Flores,Di"]
[Black "Perez Garcia,Rod"]
[Result "1/2-1/2"]
[WhiteElo "2543"]
[BlackElo "2421"]

1.c4 c6 2.Nf3 d5 3.e3 Nf6 4.Nc3 e6 5.b3 Nbd7 6.Qc2 Bd6 7.Bb2 a6 8.Rg1 Qe7
9.g4 O-O 10.g5 Ne8 11.Bd3 g6 12.h4 Ng7 13.Be2 f5 14.gxf6 Nxf6 15.Ng5 b5 16.f4 b4
17.Na4 e5 18.fxe5 Bxe5 19.O-O-O Bf5 20.Bd3 Bxd3 21.Qxd3 Ne4 22.Nxe4 dxe4
23.Qc2 Bxb2+ 24.Qxb2 Rf5 25.Rg4 Rd8 26.Qc2 Re8 27.Kb1 a5 28.Rdg1 Nh5 29.a3 bxa3
30.Nc3 Nf6 31.Rg5 Rxg5 32.Rxg5 Qb4 33.Ka2 Rd8 34.Rg2 Re8 35.h5 Nxh5 36.Nxe4 a4
37.Nc3 axb3+ 38.Qxb3 Qxb3+ 39.Kxb3 Ra8 40.d4 Nf6 41.e4 a2 42.Rxa2 Rxa2 43.Kxa2 Kf7
44.Kb3 h5 45.e5 Nd7 46.Ne4 h4 47.Ng5+ Ke7 48.Kc2 c5 49.e6 Nb6 50.Kd3 cxd4
51.Kxd4 h3 52.Nxh3 Nxc4  1/2-1/2

[Event "King's Gambit A"]
[Site "Lipetsk RUS"]
[Date "2007.06.30"]
[Round "12"]
[White "Gladyszev,O"]
[Black "Airapetian,G"]
[Result "1/2-1/2"]
[WhiteElo "2485"]
[BlackElo "2336"]

1.c4 c6 2.Nc3 d5 3.d4 Nf6 4.Nf3 dxc4 5.a4 Bf5 6.Ne5 Nbd7 7.Nxc4 Qc7 8.g3 e5
9.dxe5 Nxe5 10.Bf4 Nfd7 11.Bg2 g5 12.Ne3 gxf4 13.Nxf5 O-O-O 14.Qc2 Bb4 15.O-O-O Ng4
16.Ne4 fxg3 17.hxg3 Kb8 18.Rd4 Qa5 19.Rhd1 Ndf6 20.f3 Nxe4 21.Qxe4 Nf2 22.Rxd8+ Rxd8
23.Rxd8+ Qxd8 24.Qd4 Qxd4 25.Nxd4 Kc7 26.g4 Ba5 27.Kc2 Kd6 28.e3 a6 29.Bf1 c5
30.Nf5+ Ke5 31.Nh6 f6 32.Bc4 Kd6 33.Bg8 Nh3 34.f4 b5 35.axb5 axb5 36.Bxh7 c4
37.Bf5 Nf2 38.g5 fxg5 39.fxg5 Ke7 40.g6 Kf6 41.Nf7 Bc7 42.e4 Nd3 43.Nh6 Kg7
44.Ng4 Ne5 45.Ne3 Bd6 46.b3 cxb3+ 47.Kxb3 b4 48.Nc4 Nxc4 49.Kxc4 Kf6 50.Kd4 Be5+
51.Kc4 Bc3 52.Kd3 Kg7 53.Kc2 Kf6 54.Kb3 Kg7 55.Kc4 Kf6 56.Kd5 b3 57.e5+ Bxe5
58.g7 Kxg7 59.Kxe5  1/2-1/2

[Event "DS"]
[Site "Brno CZE"]
[Date "2007.07.04"]
[Round "6"]
[White "Andonov,B"]
[Black "Coleman,J"]
[Result "1-0"]
[WhiteElo "2383"]
[BlackElo "2170"]

1.c4 c6 2.e4 d5 3.exd5 cxd5 4.cxd5 Nf6 5.Bb5+ Bd7 6.Bc4 b5 7.Bb3 Bg4 8.f3 Bc8
9.Ne2 Bb7 10.Nbc3 a6 11.d4 Nxd5 12.Nf4 Nxf4 13.Bxf4 e6 14.d5 Qf6 15.Qd2 e5
16.Bg3 Bd6 17.Ne4 Qe7 18.Nxd6+ Qxd6 19.O-O O-O 20.Rae1 Nd7 21.f4 Rae8 22.fxe5 Nxe5
23.Rxe5 Rxe5 24.Bxe5 Qxe5 25.d6 g6 26.d7 Qc7 27.Rxf7 Rd8 28.Qd4  1-0

[Event "Open A"]
[Site "Klatovy CZE"]
[Date "2007.07.05"]
[Round "6"]
[White "Turner,R"]
[Black "Krejci,S"]
[Result "1/2-1/2"]
[WhiteElo "2086"]
[BlackElo "1885"]

1.c4 c6 2.g3 d5 3.Bg2 Nf6 4.Nf3 Bg4 5.cxd5 cxd5 6.Ne5 Bf5 7.Qa4+ Bd7 8.Nxd7 Nbxd7
9.Nc3 e6 10.d4 Be7 11.O-O O-O 12.Qb3 Qb6 13.Qxb6 Nxb6 14.b3 Rac8 15.Bb2 Bb4
16.Rac1 Bxc3 17.Rxc3 Rxc3 18.Bxc3 Rc8 19.Rc1 Ne4 20.Bb2 f5 21.Rxc8+ Nxc8
22.f3 Ned6 23.Kf2 Kf7 24.Ke3 Ne7 25.Kd3 Nc6 26.a3 g5 27.Bc1 Nb5 28.e3 Kf6
29.Bb2 h5 30.a4 Nc7 31.Bc3 a5 32.e4 Nb4+ 33.Ke3 b6 34.e5+ Kg6 35.Bf1 Ne8
36.h3 Nc7 37.Kd2 f4 38.g4 hxg4 39.hxg4 Kf7 40.Bb2 Kg6 41.Ba3 Kf7 42.Kc3 Na2+
43.Kb2 Nb4 44.Kb1 Ne8 45.Bb2 Ke7 46.Bc3 Nc7 47.Kb2 Kd7 48.Be2  1/2-1/2

[Event "Zudov Mem B"]
[Site "Nizhnij Tagil RUS"]
[Date "2007.07.06"]
[Round "1"]
[White "Pogromsky,M"]
[Black "Dashibalov,E"]
[Result "0-1"]
[WhiteElo "2415"]
[BlackElo "2287"]

1.c4 c6 2.e4 d5 3.exd5 cxd5 4.cxd5 Nf6 5.Nc3 Nxd5 6.Bc4 e6 7.Nf3 Nxc3 8.bxc3 Qc7
9.Qe2 Bd6 10.O-O O-O 11.d4 Nd7 12.Bd3 b6 13.h3 Bb7 14.c4 Nf6 15.Bg5 Nh5 16.Ne5 g6
17.Ng4 Bf4 18.Nf6+ Kh8 19.Qg4 Bxg5 20.Qxg5 Qf4 21.Nxh7 Rfd8 22.d5 exd5 23.g3 Qxg5
24.Nxg5 Kg7 25.Rfe1 Re8 26.cxd5 Bxd5 27.Be4 Nf6 28.Bxd5 Nxd5 29.Rxe8 Rxe8
30.Rd1 Nf6 31.Rc1 Nd5 32.a4 Re7 33.Rc6 Rc7 34.Rxc7 Nxc7 35.Ne4 b5 36.axb5 Nxb5
37.Kf1 f5 38.Nc5 Nc3 39.Ke1 Kf6 40.f3 g5 41.Kd2 Nd5 42.Kd3 f4 43.Ke4 Kg6
44.g4 Ne3  0-1

[Event "Pivdenny Bank Cup"]
[Site "Odessa UKR"]
[Date "2007.07.06"]
[Round "9"]
[White "Gelfand,B"]
[Black "Drozdovskij,Y"]
[Result "1-0"]
[WhiteElo "2733"]
[BlackElo "2558"]

1.c4 c6 2.e4 d5 3.exd5 cxd5 4.d4 Nf6 5.Nc3 dxc4 6.Bxc4 e6 7.Nf3 Be7 8.O-O O-O
9.Re1 Nc6 10.a3 a6 11.Ba2 Qd6 12.g3 Rd8 13.Bf4 Qd7 14.Na4 b5 15.Nb6 Qb7 16.Nxa8 Qxa8
17.Re3 Nd5 18.Bxd5 Rxd5 19.Rc1 Bb7 20.Rec3 Bf6 21.Be3 h6 22.Qe2 Rd8 23.h4 Nb4
24.axb4 Bxf3 25.Qd2 e5 26.d5 Bxd5 27.Qe1 Bf3 28.Kh2 e4 29.Rc5 Bxb2 30.R1c2 Bf6
31.Rd2 Be7 32.Rc1 Rc8 33.Rd7 Rxc1 34.Qxc1 Qe8 35.Qc7 Bf6 36.Bd4 Bg4 37.Rd6 Be7
38.Rb6 Bd8 39.Rb8 Bxc7 40.Rxe8+ Kh7 41.Re7 Bd6 42.Rxf7 h5 43.Rxg7+ Kh6 44.Ra7 Bxb4
45.Rxa6+ Kh7 46.Rb6 Be2 47.Re6 Bd3 48.Re5 Bd2 49.Rxh5+ Kg6 50.Rh8 b4 51.h5+ Kf5
52.h6 Kg6 53.h7 b3 54.Rb8 Kxh7 55.Rxb3 Kg6 56.Be3 Ba5 57.g4 Bc7+ 58.Kh3 Bf1+
59.Kh4 Bd8+ 60.Kg3 Bc7+ 61.Bf4 Ba5 62.Rb8 Be2 63.Rg8+ Kf7 64.Rg5 Bc3 65.Rf5+ Kg6
66.Be5 Bd2 67.Rf6+ Kh7 68.Bd4 Bf3 69.Rf7+ Kh6 70.Be3+ Kg6 71.Rxf3  1-0

[Event "DS"]
[Site "Brno CZE"]
[Date "2007.07.08"]
[Round "11"]
[White "Vyskocil,N"]
[Black "Kulovana,E"]
[Result "1/2-1/2"]
[WhiteElo "2349"]
[BlackElo "2267"]

1.c4 c6 2.Nf3 d5 3.e3 Nf6 4.Nc3 e6 5.b3 Nbd7 6.Be2 Be7 7.O-O O-O 8.Bb2 b6
9.Rc1 Bb7 10.cxd5 exd5 11.Qc2 Rc8 12.d4 c5 13.Rfd1 a6 14.dxc5 bxc5 15.Qf5 g6
16.Qb1 Qb6 17.Na4 Qa7 18.Ne5 Rfd8 19.Bf3 Nf8 20.Ng4 Nxg4 21.Bxg4 f5 22.Bf3 Ne6
23.Qc2 Kf7 24.h3 Ba8 25.Ba1 Bc6 26.Nb2 Bf6 27.Nd3 Bxa1 28.Rxa1 Bb7 29.Rac1 Qb6
30.Qb2 Qd6 31.Qe5 Qxe5 32.Nxe5+ Kf6 33.Nd3 Rc7 34.Rc2 g5 35.Nb2 Bc6 36.Rdc1 Rdc8
37.Be2 Bb5 38.Bf3 Bc6 39.Be2 Bb5  1/2-1/2

[Event "Ladoga Summer"]
[Site "Novaya Ladoga RUS"]
[Date "2007.07.08"]
[Round "4"]
[White "Mishuchkov,N"]
[Black "Anjuhin,A"]
[Result "1-0"]
[WhiteElo "2358"]
[BlackElo "2386"]

1.c4 c6 2.d4 d5 3.Nc3 Nf6 4.cxd5 cxd5 5.Bf4 Nc6 6.e3 e6 7.Bd3 Bd6 8.Bxd6 Qxd6
9.f4 O-O 10.Nf3 b6 11.O-O Bb7 12.Rc1 Rfc8 13.Ne5 Ne7 14.Qf3 Qb4 15.Rb1 Nf5
16.g4 Nd6 17.a3 Qa5 18.f5 exf5 19.Bxf5 Rf8 20.g5 Nfe4 21.Nxe4 Nxe4 22.Bxh7+ Kxh7
23.Qh5+ Kg8 24.Nxf7 Nf6 25.gxf6 gxf6 26.Qg6+  1-0

[Event "Canadian Open"]
[Site "Ottawa CAN"]
[Date "2007.07.08"]
[Round "2"]
[White "Noritsyn,N"]
[Black "Miton,K"]
[Result "1/2-1/2"]
[WhiteElo "2336"]
[BlackElo "2648"]

1.c4 c6 2.e4 d5 3.exd5 cxd5 4.d4 Nf6 5.Nc3 e6 6.Nf3 Bb4 7.cxd5 Nxd5 8.Bd2 Nc6
9.Bd3 O-O 10.O-O Nf6 11.Bg5 Be7 12.a3 Nd5 13.Bxe7 Ncxe7 14.Nxd5 Nxd5 15.Qc2 h6
16.Bh7+ Kh8 17.Be4 b6 18.Qc6 Bd7 19.Qb7 Bb5 20.Rfe1 Rc8 21.Rac1 Rb8 22.Qxa7 Ra8
23.Qb7 Rb8 24.Qa7  1/2-1/2

[Event "XIII Jorge Alvarez Mem"]
[Site "El Ejido ESP"]
[Date "2007.07.09"]
[Round "1"]
[White "Saldano,H"]
[Black "Vazquez Rodriguez,J"]
[Result "1-0"]
[WhiteElo "2451"]
[BlackElo "1916"]

1.c4 c6 2.e4 d5 3.exd5 cxd5 4.d4 Nf6 5.Nc3 e6 6.Nf3 Bb4 7.cxd5 exd5 8.Bd3 O-O
9.Ne5 Nc6 10.O-O Bxc3 11.bxc3 Nxe5 12.dxe5 Ng4 13.Bf4 Re8 14.Re1 Qh4 15.Bg3 Qe7
16.Be2 Nh6 17.Qxd5 Be6 18.Qe4 Rac8 19.Rac1 Red8 20.Bh4 g5 21.Qe3 gxh4 22.Qxh6 Rc6
23.Qe3 Kh8 24.Qxa7 Rg8 25.Bf3 Rc4 26.Qe3 Ra4 27.Rb1 Bh3 28.Kh1 Bc8 29.Rb2 h3
30.g3 Rg5 31.Rd2 Rf5 32.Bd1 Ra5 33.f4 b6 34.Qxb6 Bb7+ 35.Kg1 Rd5 36.Rxd5 Bxd5
37.Qd4 Be6 38.Bf3 h5 39.a4 Qc7 40.Be4 Kh7 41.Ra1 f6 42.Rb1  1-0

[Event "Campeonato Continental Absolut"]
[Site "Cali COL"]
[Date "2007.07.11"]
[Round "2"]
[White "Ramirez,Ca COL"]
[Black "Paez,D"]
[Result "1-0"]
[WhiteElo "2241"]
[BlackElo "2048"]

1.c4 c6 2.d4 d5 3.Nf3 e6 4.cxd5 exd5 5.Nc3 Nf6 6.Bg5 Be7 7.e3 Bg4 8.Bd3 Nbd7
9.Qc2 h6 10.Bh4 O-O 11.Bf5 Bxf5 12.Qxf5 Ne8 13.Bg3 Nd6 14.Qc2 Qc8 15.Bxd6 Bxd6
16.O-O Nf6 17.Rab1 Qg4 18.b4 Ne4 19.b5 Ng5 20.Nxg5 hxg5 21.bxc6 bxc6 22.e4 dxe4
23.Nxe4 Rad8 24.Qxc6 Bb8 25.h3 Qf4 26.g3 Qc7 27.Qxc7 Bxc7 28.Rfd1 Bb6 29.d5 Rfe8
30.Nc3 Rc8 31.Rb3 Red8 32.Kg2 Ba5 33.Nb5 Rc2 34.Nxa7 Rxa2 35.Nc6 Rd6 36.Rb8+ Kh7
37.Ra8 Rd2 38.Rxd2 Bxd2 39.Rd8 Rxd8 40.Nxd8 Kg6 41.Kf3 f5 42.Nc6 Kf7 43.Ke2 Bc3
44.f3 Ke8 45.Kd3 Bf6 46.g4 fxg4 47.hxg4 Kd7 48.Ke4 Kd6 49.Nd4 Kc5 50.Ne6+ Kd6
51.Kf5 Kxd5 52.Nxg5 Kd4 53.f4 Ke3 54.Ne6 Kf3 55.g5 Bc3 56.Kg6 Kg4 57.f5 Bb2  1-0

[Event "Open A"]
[Site "Oberwart AUT"]
[Date "2007.07.11"]
[Round "5"]
[White "Hera,I"]
[Black "Dziuba,M"]
[Result "1/2-1/2"]
[WhiteElo "2526"]
[BlackElo "2536"]

1.c4 c6 2.e4 d5 3.exd5 cxd5 4.d4 Nf6 5.Nc3 e6 6.Nf3 Be7 7.c5 O-O 8.Bd3 b6
9.b4 bxc5 10.bxc5 Nc6 11.O-O Bd7 12.Bd2 Ne8 13.Rb1 Bf6 14.Ne2 e5 15.dxe5 Nxe5
16.Nxe5 Bxe5 17.f4 Bf6 18.Qc2 h6 19.Be3 Nc7 20.c6 Bc8 21.Nd4 Re8 22.Bf2 Ba6
23.Rfc1 Bxd3 24.Qxd3 Rc8 25.g3 a6 26.Rb7 Qd6 27.Nf5 Qe6 28.Qc2 d4 29.Nxd4 Bxd4
30.Bxd4 Qg4 31.Be5 Ne6 32.c7 f6 33.Bd6 Qf3 34.Qb3 Qe4 35.Rb4 Qf5 36.Rb8 Kh8
37.Qa4 Nxc7 38.Rxc8 Rxc8 39.Bxc7 Qd3 40.Qb3 Qd4+ 41.Kf1 Qd7 42.Rc3 Re8 43.Re3 Rxe3
44.Qxe3 Qxc7 45.Qe8+ Kh7 46.Qe4+  1/2-1/2

[Event "Open"]
[Site "Banska Stiavnica SVK"]
[Date "2007.07.12"]
[Round "6"]
[White "Ruckschloss,K"]
[Black "Pcola,Pa"]
[Result "0-1"]
[WhiteElo "2295"]
[BlackElo "2383"]

1.c4 c6 2.d4 d5 3.e3 Nf6 4.Nf3 e6 5.Bd3 Nbd7 6.O-O dxc4 7.Bxc4 b5 8.Bd3 Bb7
9.Nc3 a6 10.a4 b4 11.Ne2 c5 12.b3 cxd4 13.Nfxd4 Qa5 14.Bb2 e5 15.Nc2 Rd8
16.Ne1 Bd6 17.Ng3 Bb8 18.Qe2 O-O 19.e4 Nc5 20.Bc2 Ne6 21.Nf5 Rfe8 22.Rd1 Rxd1
23.Qxd1 Bxe4 24.Bxe4 Nxe4 25.Nf3 Nc3 26.Qd7 Rd8 27.Qe7 Qc7 28.Qxb4 Nd5 29.Qe4 f6
30.Rc1 Qb6 31.Qc4 Ba7 32.Rf1 g6 33.Ng3 Nc5 34.Ne4 Nxe4 35.Qxe4 Qxb3 36.Nxe5 Qxb2
37.Nc6 Bxf2+ 38.Kh1 Ne3 39.Qe6+ Kg7 40.Qe7+ Kh6 41.Nxd8 Nxf1 42.Ne6 Ng3+  0-1

[Event "6th Open"]
[Site "La Fere FRA"]
[Date "2007.07.12"]
[Round "8"]
[White "Casier,F"]
[Black "Pavillon,G"]
[Result "0-1"]
[WhiteElo "1878"]
[BlackElo "1803"]

1.c4 c6 2.Nc3 d5 3.cxd5 cxd5 4.d4 Nf6 5.Nf3 Nc6 6.Bf4 a6 7.e3 Bf5 8.a3 e6
9.Bd3 Bg6 10.O-O Bd6 11.Bg5 O-O 12.Rc1 Na5 13.Ne5 b5 14.e4 Nc4 15.Nxg6 Nxb2
16.Bxf6 gxf6 17.Qc2 Nxd3 18.Nxf8 Nxc1 19.exd5 Bxf8 20.dxe6 fxe6 21.Qxc1 Qxd4
22.Rd1 Qc5 23.Qc2 Rc8 24.Rd3 Bg7 25.Rg3 Qxa3 26.Qd2 Qe7 27.Qa2 f5 28.Nd1 Qd7
29.Qa1 Kh8 30.Rxg7 Qxg7 31.Qxa6 Qd7 32.Qa1+ Kg8 33.h3 b4 34.Ne3 Qc6 35.Qf6 Qd7
36.Qb2 Rb8 37.Qe5 Rc8 38.Qb2 Qe7 39.Qe5 Kf7 40.Kh2 Qc7  0-1

[Event "XXII Tadeusz Gniota Mem"]
[Site "Police POL"]
[Date "2007.07.13"]
[Round "3"]
[White "Maliszewski,J"]
[Black "Sopur,L"]
[Result "0-1"]
[WhiteElo "1942"]
[BlackElo "2389"]

1.c4 c6 2.e4 d6 3.d4 Nd7 4.f4 e5 5.Nf3 Ngf6 6.Nc3 Qa5 7.Bd3 exd4 8.Nxd4 g6
9.O-O Bg7 10.a3 O-O 11.b4 Qb6 12.Be3 Ng4 13.Qxg4 Bxd4 14.Bf2 Bxf2+ 15.Rxf2 Qd4
16.Qg5 Qxc3 17.Rd1 Qf6 18.Qh6 a5 19.Rf3 axb4 20.axb4 Qd4+ 21.Kh1 Nf6 22.f5 Ra1
23.Rxa1 Qxa1+ 24.Bf1 Nxe4 25.fxg6 hxg6 26.h4 Bg4 27.Rf4 Ng3+  0-1

[Event "XII Open"]
[Site "Balaguer ESP"]
[Date "2007.07.17"]
[Round "2"]
[White "Kohlweyer,B"]
[Black "Ramon Solans,A"]
[Result "1-0"]
[WhiteElo "2405"]
[BlackElo "2133"]

1.c4 c6 2.Nf3 d5 3.d4 e6 4.Qc2 f5 5.Bf4 Nf6 6.e3 Bb4+ 7.Nc3 Ne4 8.Bd3 Qa5
9.O-O Bxc3 10.bxc3 Nxc3 11.Ne5 Ne4 12.Bxe4 dxe4 13.f3 exf3 14.Rxf3 Nd7 15.Nxd7 Bxd7
16.Rb1 b6 17.Bd6 O-O-O 18.c5 b5 19.a4 Kb7 20.e4 a6 21.Ra3 Ra8 22.axb5 Qxa3
23.bxc6+ Kc8 24.cxd7+ Kxd7 25.exf5 Qe3+ 26.Kh1 Rhb8 27.Qa4+ Rb5 28.h3 Qe2
29.fxe6+ Kxe6 30.Rxb5 Qxb5 31.Qa2+ Kf6 32.Qf2+  1-0

[Event "Campeonato Continental Absolut"]
[Site "Cali COL"]
[Date "2007.07.19"]
[Round "10"]
[White "Ossa,O"]
[Black "Naranjo,S"]
[Result "0-1"]
[WhiteElo "2272"]
[BlackElo "2035"]

1.c4 c6 2.e4 d5 3.exd5 cxd5 4.cxd5 Qxd5 5.d4 Nc6 6.Nf3 Bg4 7.Be2 e6 8.Nc3 Qa5
9.O-O Nf6 10.h3 Bh5 11.a3 Bd6 12.Be3 O-O 13.Qb3 Rab8 14.Nb5 Be7 15.Bf4 Rbc8
16.g4 Bg6 17.Rac1 Nd5 18.Bg3 Rfd8 19.Rfd1 Qb6 20.Qa2 a6 21.Nc3 Bf6 22.Nxd5 Rxd5
23.Bc4 Nxd4 24.Kg2 Rdd8 25.Nxd4 Rxd4 26.b3 h6 27.a4 Bg5 28.Rxd4 Qxd4 29.Re1 Rd8
30.Re2 b5 31.axb5 axb5 32.Be5 Qc5 33.f4 Be7 34.Qb2 bxc4 35.Bxg7  0-1

[Event "Sun Pawn B"]
[Site "Ilichevsk UKR"]
[Date "2007.07.21"]
[Round "2"]
[White "Kalinin,O"]
[Black "Baranov,J"]
[Result "1-0"]
[WhiteElo "2350"]
[BlackElo "2206"]

1.c4 c6 2.d4 d5 3.Nc3 Nf6 4.Nf3 a6 5.cxd5 cxd5 6.Bf4 Nc6 7.Rc1 Bf5 8.e3 Rc8
9.a3 e6 10.Be2 Bd6 11.Bxd6 Qxd6 12.O-O O-O 13.b4 Rc7 14.Na4 Rfc8 15.Nc5 Nd8
16.Qd2 Ne4 17.Qb2 Bg4 18.Bd3 Bxf3 19.gxf3 Nxc5 20.bxc5 Qe7 21.f4 f5 22.Kh1 Kh8
23.Rg1 Nf7 24.f3 Rg8 25.Qf2 Rcc8 26.Rb1 Rc7 27.Rb6 Nd8 28.Qg3 Nf7 29.Qh3 Qf6
30.Qg3 g6 31.Qe1 Nd8 32.Rb1 Rcg7 33.Qg3 h6 34.Qh3 Rh7 35.Rg3 Nc6 36.Rbg1 Ne7
37.Qg2 Rgg7 38.Qb2 Nc6 39.Qb6 g5 40.fxg5 hxg5 41.R3g2 Rh5 42.Bxa6 Nxd4 43.exd4 bxa6
44.Qxa6 Qxd4 45.Qxe6 Rh4 46.Qxf5 Qxc5 47.Rxg5 Rhh7 48.Qf6  1-0

[Event "Czech Open GMA"]
[Site "Pardubice CZE"]
[Date "2007.07.21"]
[Round "2"]
[White "Jakubiec,A"]
[Black "Schlecht,D"]
[Result "1/2-1/2"]
[WhiteElo "2541"]
[BlackElo "2380"]

1.c4 c6 2.Nf3 d5 3.e3 Nf6 4.Qc2 Bg4 5.Ne5 Bh5 6.cxd5 Nxd5 7.Nc3 e6 8.Qb3 Qb6
9.Qa4 Nd7 10.Nxd7 Kxd7 11.Nxd5 exd5 12.Qh4 Bg6 13.Be2 Be7 14.Qh3+ Kc7 15.O-O Qb4
16.d3 Qh4 17.Qf3 Bd6 18.g3 Qe7  1/2-1/2

[Event "33rd Open"]
[Site "Sitges ESP"]
[Date "2007.07.22"]
[Round "5"]
[White "Barsov,A"]
[Black "Rojas Keim,L"]
[Result "1-0"]
[WhiteElo "2517"]
[BlackElo "2357"]

1.c4 c6 2.e4 d5 3.exd5 cxd5 4.d4 Nf6 5.Nc3 e6 6.Nf3 Be7 7.cxd5 Nxd5 8.Bc4 O-O
9.O-O Nc6 10.Re1 Bf6 11.Ne4 Be7 12.a3 b6 13.Qd3 Nf6 14.Neg5 h6 15.Nh3 Nd5
16.Nf4 Nxf4 17.Bxf4 Bd6 18.Qe4 Bxf4 19.Bd3 g6 20.Qxf4 Kg7 21.Be4 Bb7 22.Rac1 Rc8
23.h4 h5 24.Rc3 Na5 25.Rxc8 Bxc8 26.Rc1 Nb7 27.Rc7 Qd6 28.Qe5+ Qxe5 29.Nxe5 Nd6
30.Bxg6 Nb5 31.Rxf7+ Rxf7 32.Bxf7 Nxd4 33.Bxh5 Kf6 34.Ng4+ Kf5 35.Ne3+ Ke4
36.Bg6+ Kf4 37.g3+ Kf3 38.h5 Ne2+ 39.Kf1 Ba6 40.Ke1  1-0

[Event "29th Politiken Cup"]
[Site "Copenhagen DEN"]
[Date "2007.07.23"]
[Round "4"]
[White "Petersen,Nil"]
[Black "Minguez Greciano,I"]
[Result "1-0"]
[WhiteElo "2004"]
[BlackElo "1861"]

1.c4 c6 2.e4 d5 3.exd5 cxd5 4.d4 Nf6 5.Nc3 Nc6 6.Nf3 Bg4 7.Be2 e6 8.c5 Be7
9.O-O O-O 10.a3 a6 11.Bf4 Nh5 12.Be3 Qc7 13.h3 Bxf3 14.Bxf3 Nf4 15.Qd2 Ng6
16.g3 Bf6 17.b4 Qd7 18.Rab1 Nce7 19.Bg4 Rfd8 20.a4 Qc7 21.f4 h5 22.Bxh5 Nf5
23.Bxg6 fxg6 24.Kg2 Qe7 25.Bf2 g5 26.g4 Nh6 27.fxg5 Bxg5 28.Be3 Bxe3 29.Qxe3 Nf7
30.Rbe1 e5 31.Rf5 Qe6 32.Ref1 Rd7 33.Ne2 Re8 34.dxe5 Nh6 35.Rg5 Nf7 36.Nd4 Qh6
37.Rxf7 Rxf7 38.e6 Rf6 39.Nf5 Rxf5 40.gxf5 Qf6 41.h4 Re7 42.Qd3 d4 43.Rg4  1-0